000 00885nam a22002177a 4500
005 20100820152510.0
010 _aENG-101026
020 _a9789350151236
_c300.00
035 _aEN-84559
037 _bDBAD/PUB
082 _a363.73
100 _aAithal, Shiva C.
_915686
245 _aPollution control by microganisms :
_bbioremediation biocontrol and other emerging technologies /
_cby Shiva C. Aithal [and] Abhay B. Solunke
260 _aGoa
_bCinnamonteal Publishing
_c2009
270 _aPlot No.16, Gogal Housing Board Colony
_bGoa
_e403601
300 _a243p.:
_bill.
_c23cm (pbk)
500 _aIncludes bibliographical references and index
700 _aSolunke, Abhay B.
_915687
942 _2ddc
_cEN
_h363.73
_mAIT
999 _c42758
_d42758